Normal view
MARC view
- Almoqdadi, Mothana Zakariya Ahmad
Entry Personal Name
001 - CONTROL NUMBER
- control field: 3516
003 - CONTROL NUMBER IDENTIFIER
- control field: JO-AjAnu
005 - DATE AND TIME OF LATEST TRANSACTION
- control field: 20230606070859.0
008 - FIXED-LENGTH DATA ELEMENTS
- fixed length control field: 230606|| aca||aabn | a|a d
040 ## - CATALOGING SOURCE
- Original cataloging agency: JO-AjAnu
- Transcribing agency: JO-AjAnu
100 ## - HEADING--PERSONAL NAME
- Personal name: Almoqdadi, Mothana Zakariya Ahmad
670 ## - SOURCE DATA FOUND
- Source citation: Work cat.: (JO-AjAnu)1834: Almoqdadi, Mothana Zakariya Ahmad, author, The Concept of in the Poetry of William Wordsworth and Robert Frost: A Comparative Study